Revista tecnológica (Registro nro. 35390)
[ vista simple ]
| 000 -CABECERA | |
|---|---|
| Longitud fija campo de control | 00902nas a22002177a 4500 |
| 003 - IDENTIFICADOR DELl NÚMERO DE CONTROL | |
| Identificador del número de control | OSt |
| 005 - FECHA Y HORA DE LA ÚLTIMA TRANSACCIÓN | |
| Fecha y hora de la última transacción | 20250129222837.0 |
| 008 - CÓDIGOS DE INFORMACIÓN DE LONGITUD FIJA | |
| Códigos de información de longitud fija | 160601b xxu||||| |||| 00| 0 eng d |
| 022 ## - NÚMERO INTERNACIONAL NORMALIZADO PARA PUBLICACIONES SERIADAS | |
| Número Internacional Normalizado para Publicaciones Seriadas | 2070-0458 |
| 040 ## - FUENTE DE LA CATALOGACIÓN | |
| Centro transcriptor | BMC |
| 082 ## - NÚMERO DE LA CLASIFICACIÓN DECIMAL DEWEY | |
| Númeroo de clasificación | 600.7284 |
| 245 00 - MENCIÓN DE TÍTULO | |
| Título | Revista tecnológica |
| Nombre de parte o sección de la obra | Enero-diciembre 2023 |
| Mención de responsabilidad, etc. | Carlos Alberto Arriola, rector |
| 260 ## - PUBLICACIÓN, DISTRIBUCIÓN, ETC. (PIE DE IMPRENTA) | |
| Lugar de publicación, distribución, etc. | Santa Tecla, El Salvador |
| Nombre del editor, distribuidor, etc. | ITCA |
| -- | FEPADE |
| Fecha de publicación, distribución, etc. | 2023 |
| 300 ## - DESCRIPCIÓN FÍSICA | |
| Extensión | 74 p. |
| Dimensiones | 28 cm |
| Otras características físicas | il. col |
| 490 ## - MENCIÓN DE SERIE | |
| Mención de serie | Revista tecnológica |
| Designación de volumen o secuencia | 16 |
| 500 ## - NOTA GENERAL | |
| Nota general | Datos tomados de la cubierta |
| 505 ## - NOTA DE CONTENIDO CON FORMATO | |
| Nota de contenido con formato | Contiene: Investigación antropológica del Cementerio Santa Isabel de Santa Ana.- Simulador virtual con realidad aumentada.- Logistica para gestion recolección de desechos sólidos en La Unión.- Laboratorio de pruebas de sistemas electroneumáticos.- |
| 650 24 - PUNTO DE ACCESO ADICIONAL DE MATERIA - TÉRMINO DE MATERIA | |
| 9 (RLIN) | 32954 |
| Término de materia o nombre geográfico como elemento inicial | Tecnología |
| Subdivisión geográfica | El Salvador |
| 700 1# - PUNTO DE ACCESO ADICIONAL - NOMBRE DE PERSONA | |
| 9 (RLIN) | 48918 |
| Nombre de persona | Arriola Martínez, Carlos Alberto |
| 942 ## - ENTRADA DE ELEMENTOS AGREGADOS (KOHA) | |
| Fuente de clasificaión o esquema | Dewey Decimal Classification |
| Koha [por defecto] tipo de item | 2- Prensa y Revistas |
| Suprimido | Perdido | Fuente de clasificación o esquema | Estropeado | Restricciones de uso | No para préstamo | Código de colección | Localización permanente | Localización actual | Localización en estanter&íacute;as | Fecha adquisición | Fuente de adquisición | Número de inventario | Préstamos totales | Signatura completa | Código de barras | Fecha última consulta | Fecha del precio de reemplazo | Tipo de item de Koha |
|---|---|---|---|---|---|---|---|---|---|---|---|---|---|---|---|---|---|---|
| NULL | NULL | Dewey Decimal Classification | NULL | Prestable | NULL | NULL | Biblioteca Miguel de Cervantes - UNICAES | Biblioteca Miguel de Cervantes - UNICAES | Sala Principal | 16/02/2024 | Donación - ITCA | 001102 | RVAR- 001102 | 1052794 | 15/01/2025 | 15/01/2025 | 2- Prensa y Revistas |